The gay science / Kaufmann Walter, traductor
Enregistré dans:
| Auteur principal: | |
|---|---|
| Format: | Livre |
| Langue: | Undetermined |
| Publié: |
New York, Estados Unidos
Vintage Books
1974
|
| Sujets: | |
| Tags: |
Ajouter un tag
Pas de tags, Soyez le premier à ajouter un tag!
|
MARC
| LEADER | 00000nam a2200000Ia 4500 | ||
|---|---|---|---|
| 008 | 170316s9999 xx 000 0 und d | ||
| 090 | |a 100 N-6gay | ||
| 100 | |a Nietzsche, Friedrich | ||
| 245 | 4 | |a The gay science / Kaufmann Walter, traductor | |
| 260 | |a New York, Estados Unidos | ||
| 260 | |b Vintage Books | ||
| 260 | |c 1974 | ||
| 300 | |a 397 páginas | ||
| 650 | |a FILOSOFÍA | ||
| 650 | |a HOMBRE | ||
| 650 | |a RELIGIÓN | ||
| 650 | |a PODER | ||
| 650 | |a ÉTICA | ||
| 999 | |c 17170 |d 17170 | ||
| 040 | |a cru BVZT | ||
| 942 | |c 15 D |h 100 N-6gay |2 z | ||
